| 000 | 01887nam a2200373 a 4500 | ||
|---|---|---|---|
| 003 | Mxchpua | ||
| 005 | 20240524182150.0 | ||
| 007 | ta | ||
| 008 | 240524s2022 mx abdefs|||| 001 0 spa d | ||
| 040 | _amxchpua | ||
| 090 |
_aT.C,900 _bS26 EIUPA _c2022 |
||
| 245 | 1 | 0 |
_aEmpacadora de Cítricos de los Altos, S. de R.L. de C.V. / _ccoordinadores Ofelia Sandoval Castilla y José Orlando Ramayo Ramírez ; colaboradores Samuel Alejandro Piña Milán...[y otros] |
| 260 |
_aMéxico : _bEl autor, _c2022 |
||
| 300 |
_a1 recurso en línea (vi, 102 páginas) : _bilustraciones, mapas, gráficas, diagramas, tablas, fotos, planos |
||
| 336 |
_2rdacontent _atexto _btxt |
||
| 337 |
_2rdamedia _acomputadora _bc |
||
| 338 |
_2rdacarrier _arecurso en línea _bcr |
||
| 500 | _aGrado 7° Grupo 3 -- Los planos están incluidos en el reporte | ||
| 502 |
_aViaje de Estudios _b(EIUPA) -- _cUACh. Departamento de Ingeniería Agroindustrial, _d2022 |
||
| 504 | _aBibliografía: páginas 70-72 | ||
| 505 | 0 | _a4 planos: -- 1. Plano de áreas -- 2. Plano de distribución de equipo -- 3. Diagrama de flujo de empacado -- 4. Diagrama de recorrido | |
| 650 | 1 | 3 |
_9148302 _aLimones _xIndustria y comercio _zMéxico _zJalisco _zAtotonilco El Alto |
| 650 | 1 | 3 |
_9160870 _aLimones _xEnvasado |
| 650 | 1 | 3 |
_9161054 _aLimones _xEnfermedades postcosecha |
| 650 | 1 | 3 |
_9187577 _aValor de mercado |
| 650 | 1 | 3 |
_9148301 _aLemons _xIndustry and trade _zMexico _zJalisco _zAtotonilco El Alto |
| 650 | 1 | 3 |
_9160869 _aLemons _xPackaging |
| 650 | 1 | 3 |
_9161053 _aLemons _xPostharvest diseases |
| 650 | 1 | 3 |
_9187578 _aMarket value |
| 700 | 1 |
_9151810 _aSandoval Castilla, Ofelia _ecoordinadora |
|
| 700 | 1 |
_9161734 _aRamayo Ramírez, José Orlando _ecoordinador |
|
| 700 | 1 |
_9189123 _aPiña Milán, Samuel Alejandro _ecolaborador |
|
| 856 | 4 | 0 |
_uhttp://10.13.5.2/ve/TC900_EIUPA/TC900_EIUPA_2022-REPORTE.pdf _yDESCARGAR REPORTE |
| 999 |
_c219933 _d219933 |
||